000 nam a22 7a 4500
999 _c10861
_d10861
008 180228b ||||| |||| 00| 0 eng d
100 _96686
_aKELLER.H
245 _aTHE STORY OF MY LIFE
260 _aDELHI
_bRATNA SAGAR
_c2013